000 00749nam a2200229 a 4500
001 000012292
005 20200929162800.0
008 091110s1989 cu 001 j spa d
040 _aDO-SdBNP
_bspa
_cBNPHU
082 _a895.83
_bM968c
100 1 _aMunro, H. H.,
_q(Hector Hugh Munro),
_d1870-1916
_928949
245 1 0 _aCuentos de Saki /
_cH.H. Munro ; traductor, Frank Cruz Duarte ; editor, Felipe Cunill.
260 _aLa Habana, Cuba :
_bArte y Literatura,
_c1989.
300 _a283, [2] p. ;
_c19 cm.
490 1 _aHuracán
650 4 _aCuentos birmanos
_928950
650 4 _aLiteratura birmana
_928951
700 1 _aCruz Duarte, Frank,
_etr.
_928952
700 1 _aCunill, Felipe,
_eed.
_911535
830 0 _aHuracán.
_95481
049 _aBNGR
999 _c11949
_d11949